Important aspects of professional partnerships (Record no. 85566)

MARC details
000 -LEADER
fixed length control field 00530cam a2200193 4500
001 - CONTROL NUMBER
control field D6382
008 - FIXED-LENGTH DATA ELEMENTS--GENERAL INFORMATION
fixed length control field 090401t1973 xxu||||| |||| 00| 0 eng d
035 ## - SYSTEM CONTROL NUMBER
System control number (Sirsi) u507
041 ## - LANGUAGE CODE
Language code of text/sound track or separate title eng
050 ## - LIBRARY OF CONGRESS CALL NUMBER
Classification number 346.41068
100 ## - MAIN ENTRY--PERSONAL NAME
Personal name Kitchen, Stanley
245 ## - TITLE STATEMENT
Title Important aspects of professional partnerships
260 ## - PUBLICATION, DISTRIBUTION, ETC.
Place of publication, distribution, etc. Reading
Name of publisher, distributor, etc. College of Estate Management
Date of publication, distribution, etc. 1973
300 ## - PHYSICAL DESCRIPTION
Extent 38p. 22cm
350 ## - PRICE (NR) (BK AM CF MU VM SE) [OBSOLETE]
Price 2
520 ## - SUMMARY, ETC.
Summary, etc. Commissioned by the Trustees of the Guy Bigwood Award, October 1973
942 ## - ADDED ENTRY ELEMENTS (KOHA)
Suppress in OPAC 0
948 ## - LOCAL PROCESSING INFORMATION (OCLC); SERIES PART DESIGNATOR (RLIN)
c (OCLC) 04/03/1997
Holdings
Withdrawn status Lost status Source of classification or shelving scheme Damaged status Not for loan Home library Current library Shelving location Date acquired Cost, normal purchase price Total Checkouts Full call number Barcode Date last seen Copy number Cost, replacement price Price effective from Koha item type
    Dewey Decimal Classification     London London Basement 14/09/1999 2.00   SHELF 117 30006882 06/08/2019 1 2.00 06/08/2019 Book